00273nam a2200109Ia 4500008004100000082001300041100002000054245004000074260003200114300000900146650000800155191201s2005 xx 000 0 und d a657bMAA aMAHESHWARI, S N 0aAccounting and Financial Management aN.DelhibSultan Chandc2005 aMISC aMBA